[Event "EU-chT (Men) 16th"]
[Site "Heraklion"]
[Date "2007.10.30"]
[Round "3.2"]
[White "Karjakin, Sergey"]
[Black "Roiz, Michael"]
[Result "0-1"]
[WhiteElo "2694"]
[BlackElo "2644"]
[Annotator "Roiz,M"]
[PlyCount "90"]
[EventDate "2007.10.28"]
[EventType "team-swiss"]
[EventRounds "9"]
[EventCountry "GRE"]
[SourceTitle "CBM 121"]
[Source "ChessBase"]
[SourceDate "2007.11.14"]
[SourceVersion "1"]
[SourceVersionDate "2007.11.14"]
[SourceQuality "1"]
[WhiteTeam "Ukraine"]
[BlackTeam "Israel"]
[WhiteTeamCountry "UKR"]
[BlackTeamCountry "ISR"]

1. e4 e5 2. Nf3 Nc6 3. Bb5 a6 4. Ba4 Nf6 5. O-O Be7 6. Re1 b5 7. Bb3 d6 8. c3
O-O 9. h3 Nb8 {I had decided to surprise my young but experienced opponent. I
hadn't touched the Breyer variation for several years.} 10. d4 Nbd7 11. Nbd2 (
11. c4 $5 {In my opinion this agressive move promises no less than the main
line.}) 11... Bb7 12. Bc2 Re8 13. Nf1 Bf8 14. Ng3 g6 15. b3 {Nowadays this
move is much more popular then the ''classical'' 15.a4. White intends to seize
a lot of space by d4-d5 and c3-c4, making the Bb7 useless.} Bg7 {Allowing the
aforementioned advance.} ({The alternatives are:} 15... c6 {which leads to a
very solid but rather passive positions}) (15... d5) ({and} 15... exd4 16. cxd4
c5 17. d5) 16. d5 Qe7 {Sooner or later Black has to push his c-pawn, so he
takes control of Pd6.} ({The possible alternatives are:} 16... Qb8) ({and} 
16... Rc8) 17. c4 ({Worth serious attention is:} 17. Be3 $5 {intending to meet}
c6 {with} 18. c4 {The strategic risk for Black in this position was proved in
1-0 Leko,P-Short,N/Wijk aan Zee 2005/CBM 105/[Wedberg] (36)}) 17... c5 $5 $146
{This move was prepared at home together with my good friend Boris Avrukh.
Black chooses a rare plan for this type of position - he intents to close the
queenside by b5-b4 and a6-a5. In this case it would be not easy for White to
develop any activity on the kingside.} (17... c6 {leads to the same type of
position.}) 18. a3 $5 {Sergey found an interesting attempt to refute Black's
idea.} ({After} 18. Be3 b4 19. Qd2 a5 {I would be satisfied with my position,
since I don't believe White can develop a real attack on the kingside.}) 18...
b4 {This move is more or less forced.} ({Otherwise after} 18... Reb8 19. Bd2
$14 {[%cal Cd7b6,Cb5c4,Gc2d3,Gd1e2] White could slowly put strong pressure on
the Pb5.}) 19. Nh4 $1 {A brave decision which seems to be critical for the
whole variation.} Qd8 (19... a5 $2 20. Nhf5 gxf5 21. Nxf5 Qf8 22. Re3 $40) 20.
Nhf5 $1 {During the game I had the feeling that this sacrifice is 100% correct.
As the analysis shows, my intuition was right.} gxf5 21. Nxf5 Nf8 (21... Bf8 {
is too passive and White can can prove it by energetic play:} 22. g4 $1 Nb6 23.
g5 Nfd7 24. Qg4 $36) 22. axb4 cxb4 ({Maybe Black should go for the following
line:} 22... Bc8 23. Nxg7 Kxg7 24. bxc5 dxc5 25. Be3 Qd6 26. Ra5 N8d7 27. Qd2
$44 {but it looks like with 2 pawns for a piece White is even slighty better.})
23. Qd2 $1 ({Here the thematic advance of the g-pawn didn't promise White
anything:} 23. g4 $2 Kh8 24. g5 Ng8 $17) 23... a5 ({Black shouldn't give up
the b-pawn:} 23... Bc8 $2 24. Nxg7 Kxg7 25. Qxb4 a5 26. Qc3 Ng6 27. Bd2 $16)
24. Nxg7 $4 {It looks weird, but this move is practically the only and
decisive mistake! Sergey simply overlooked Black's 26th move.} ({At the same
time after the correct} 24. Qg5 $1 Ng6 25. Nxg7 Kxg7 26. Qh6+ Kh8 27. Bg5 Ra6
28. Ra4 (28. Bd3 Ra8 29. Ra4 Ng8 30. Bxd8 Nxh6 31. Bxa5 f6) 28... Ng8 29. Bxd8
Nxh6 30. Bxa5 f6 31. Rea1 Nf7 32. Bxb4 Rxa4 33. Rxa4 $14 {White's prospects in
the endgame would even be preferable.}) 24... Kxg7 25. Qh6+ Kh8 26. Bg5 N8d7 $1
{Now Black's pieces get harmony again and all I need here is some accuracy.}
27. f4 Rg8 ({Another way to neutralise White's activity was} 27... Qb6+ 28. Kh2
Ng8 29. Qh5 f6 $19) 28. fxe5 Rg6 29. Qh4 Nxe5 (29... dxe5 30. Rf1 Qb6+ 31. Kh2
Kg7 {was not bad either, but I just wanted to keep my knight on e5.}) 30. Rf1
Qb6+ 31. Kh1 (31. Rf2 Nf3+ 32. gxf3 Rxg5+ 33. Qxg5 Rg8 $19) 31... Nfd7 $19 {
The rest is quite easy - White simply has no attacking chances.} 32. Rf5 Rag8
33. Re1 a4 {Black creates a strong passed Pb4.} 34. bxa4 b3 35. Bb1 f6 36. Be3
Qb4 37. Rh5 R8g7 38. Bh6 Rf7 ({Even simpler was} 38... Rxg2 39. Bxg7+ Rxg7) 39.
Qf2 Ba6 {Bringing the last piece into play.} 40. Rg1 Bxc4 41. Qf5 Qxa4 42. Qe6
Qa6 43. Bf4 Nc5 44. Qf5 Kg8 45. Be3 Bd3 0-1

[Event "Dortmund SuperGM 42nd"]
[Site "Dortmund"]
[Date "2014.07.19"]
[Round "6"]
[White "Naiditsch, Arkadij"]
[Black "Ponomariov, Ruslan"]
[Result "1-0"]
[WhiteElo "2705"]
[BlackElo "2723"]
[Annotator "Roiz,M"]
[PlyCount "97"]
[EventDate "2014.07.12"]
[EventType "tourn"]
[EventRounds "7"]
[EventCountry "GER"]
[EventCategory "19"]
[SourceTitle "CBM 162"]
[Source "ChessBase"]
[SourceDate "2014.09.17"]
[SourceVersion "1"]
[SourceVersionDate "2014.09.17"]
[SourceQuality "1"]

1. e4 e5 2. Nf3 Nc6 3. Bb5 a6 4. Ba4 Nf6 5. O-O Be7 6. Re1 b5 7. Bb3 O-O 8. c3
d6 9. h3 Nb8 10. d4 Nbd7 11. Nbd2 Bb7 12. Bc2 Re8 13. a4 Bf8 14. Bd3 c6 (14...
b4 {is a more concrete way to handle this position.}) 15. Qc2 {Quite a popular
setup. White may postpone the development of the dark-squared bishop.} Qc7 16.
b3 g6 {The fianchetto is the most popular move in this particular position.} ({
It can be also done one move later, as the following game shows:} 16... Rad8
17. Ba3 g6 18. Bf1 Bg7 19. Rab1 Ba8 20. dxe5 Nxe5 21. Nxe5 Rxe5 22. c4 bxa4 23.
c5 axb3 24. Nxb3 {1/2-1/2 Volokitin,A (2638)-Istratescu,A (2667)/Saint-Quentin
FRA 2014}) 17. Bb2 ({In the following nice game Vishy was able to secure a
clear advantage after} 17. Ba3 {But Black's play may be improved upon. In fact,
White's bishop found itself on b2 just few moves later anyway:} Bg7 18. Rad1 (
18. dxe5 Nxe5 19. Nxe5 dxe5 20. c4 bxa4 21. c5 axb3 22. Qxb3 Bc8 $11) 18...
Rac8 19. Bb2 Nh5 20. Bf1 bxa4 (20... Nf4 $5) (20... exd4 $5 21. cxd4 Nf4 22. g3
Ne6) 21. bxa4 d5 22. dxe5 Nxe5 23. Nxe5 Bxe5 24. c4 $14 {1-0 Anand,V (2791)
-Leko,P (2751)/Nice 2009/CBM 129 Extra (36)}) 17... Rac8 18. Rad1 ({In the
preceding game Black experienced definite problems:} 18. Bf1 Qb8 19. Rad1 Bg7
20. g3 Ba8 21. axb5 axb5 22. b4 Bf8 $6 (22... d5 $5) 23. Qb3 h6 24. dxe5 Nxe5
25. c4 $14 {1-0 Cheparinov,I (2696)-Alekseev,E (2715)/Elista 2008/CBM 128/
[Marin,M] (35)}) 18... Nh5 19. Qb1 {A typical complicated strategic battle.
The setup of both sides is very flexible, but White has someyhing of a space
advantage.} (19. Bf1 Nf4 20. g3 Ne6 21. h4 Bg7 $11) 19... bxa4 $146 {A double
edged novelty in a rare position. Releasing the pressure may help Black to
push c6-c5 at some point, but now there are some targets along the b-file.} ({
In my opinion, Black has a comfortable position after} 19... Nf4 20. Bf1 Ne6
21. Qa1 (21. g3 Bg7 22. Bg2 exd4 23. cxd4 d5 $11) 21... Bg7 22. Bd3 Qb6 23. Bc2
Rcd8 24. Nf1 Qc7 25. Ne3 d5 $11 {0-1 Neuschmied,S (2308)-Diermair,A (2429)/
Austria 2012/EXT 2013 (36)}) ({Or} 19... Bg7 20. g3 bxa4 21. bxa4 d5 $11) 20.
bxa4 exd4 {That is one of Black's main ideas in such a positions - now the
pawn structure becomes stable, and the knight gets a nice route to e6.} (20...
Nf4 21. Bf1 exd4 22. cxd4 d5 23. g3 Ne6 $11) 21. cxd4 d5 22. Rc1 Nf4 23. Bf1
Qb8 {This move looks a bit passive, but actually Ruslan's position is still
very solid.} ({I can also suggest:} 23... Rb8 $5 {with a nice tactical idea:}
24. g3 $140 dxe4 25. Rxe4 Rxe4 (25... Nd5 26. Rxe8 Rxe8 27. Ne4 $14) 26. Nxe4
c5 $1 27. gxf4 Qxf4 28. Nfd2 Bxe4 29. Nxe4 cxd4 $132) 24. g3 Ne6 25. h4 {
Arkadij is trying to develop some attack on the k-side, but it will take a
long time.} Bg7 26. Bh3 c5 {This natural advance is not bad at all, but now
the price of each move becomes higher.} ({There were some good alternatives:} 
26... Ba8 $5 27. Ng5 c5 28. Nxe6 fxe6 29. Qa2 c4 $132) (26... dxe4 27. Nxe4 c5
28. Ne5 Bxe4 29. Rxe4 Nf6 30. Re2 cxd4 31. Rxc8 Qxc8 32. Bxd4 Nd7 $1 33. Nxd7
Bxd4 34. Bxe6 fxe6 35. Ne5 Qc3 $11) 27. dxc5 Bxb2 28. Qxb2 {The Kg8 is
somewhat exposed, so Black must be careful...} Ndxc5 $2 {A serious mistake.
This knight was covering important squares, so it was better to take with the
other one.} (28... Nexc5 29. Rb1 (29. Qd4 dxe4 30. Bxd7 Nxd7 31. Ng5 Rxc1 32.
Rxc1 Ne5 33. Ndxe4 Bxe4 34. Qxe4 h6 $11) 29... dxe4 $1 30. Bxd7 Nxd7 31. Qxb7
Qxb7 32. Rxb7 Nc5 $11) 29. Ne5 $1 {Now White has a dangerous initiative.} Red8
$8 {As a result, Black has to find a couple of only moves.} (29... dxe4 $2 30.
Ng4 Nd3 31. Nh6+ Kf8 32. Qf6 Rc7 33. Bxe6 Nxc1 34. Nxf7 Rxe6 35. Qh8+ Kxf7 36.
Qxb8 $18) 30. Bxe6 Nxe6 31. Rxc8 Qxc8 (31... Rxc8 $2 32. Nd7 $18) 32. Rc1 {
This natural move is a slight inaccuracy - the rook was quite useful on e1.} (
32. exd5 $142 Bxd5 33. Ng4 Qb7 34. Nh6+ Kf8 35. Qh8+ Ke7 36. Qg7 Rf8 37. Ng4
$16) 32... Qa8 33. exd5 ({Another way to develop the initiative was} 33. Ng4 $5
d4 34. h5 Rc8 35. Rxc8+ Qxc8 36. Qb4 $36) 33... Bxd5 34. Ng4 Bh1 $2 {This
attempt to create some threats has a concrete refutation.} ({Ruslan had to
find the tough} 34... h5 $1 35. Nh6+ (35. Nf6+ Kf8 36. Qb4+ Kg7 37. Qc3 Kf8 $11
) 35... Kf8 36. Qf6 Qb7 37. Rb1 Qc7 $14) 35. Nf6+ Kf8 (35... Kg7 36. Nfe4+ Kh6
37. Kxh1 f5 38. f3 fxe4 39. Nxe4 $18) 36. Nxh7+ Kg8 37. Nf6+ Kf8 {White is a
pawn up, but that is not such a big deal. The real trouble for Black comes now.
..} 38. f3 $1 {The bishop is trapped, so the next move is forced.} Bxf3 (38...
Rxd2 39. Qxd2 Qxf3 40. Rf1 $18) 39. Qa3+ Kg7 40. Nxf3 Kxf6 {Now there is a
material balance, but the king is too weak...} (40... Qa7+ 41. Kf1 Kxf6 42.
Qb2+ Ke7 43. Ne5 Ke8 44. Nc6 Qe3 45. Nxd8 Qf3+ 46. Qf2 Qh1+ 47. Qg1 Qf3+ 48.
Ke1 Qe4+ 49. Kf2 $18) 41. Qb2+ $6 {Now Black is still in the game.} ({A much
stronger move was} 41. Qc3+ Ke7 42. Ne5 Ke8 (42... Nd4 43. Qc7+ Kf6 44. Rf1+
$18) (42... Qa7+ 43. Kg2 Qb7+ 44. Nc6+ Ke8 45. Kh3 $18) 43. Nc6 Rd6 44. Qh8+
Nf8 45. Qe5+ Re6 46. Qc7 $18 {with complete domination.}) 41... Ke7 42. Ne5 Nd4
{Somehow Black is able to parry the immediate threats at the cost of a pawn.}
43. Rf1 (43. Rc4 f6 $1 44. Nxg6+ Kf7 45. Rxd4 Rxd4 46. Qxd4 Kxg6 $16) 43... f5
$2 {But this is already a decisive mistake.} ({It wasn't easy to find the
precise defence:} 43... Qd5 $1 44. Qb4+ Ke8 45. Rxf7 Rd6 46. Rh7 (46. Qb8+ Rd8
47. Qc7 $6 Nf5 48. Kh2 Qa2+ 49. Kh3 Qd5 $132) 46... Ne6 47. Rh8+ Ke7 48. Nxg6+
Kf7 49. Nf4 Qd1+ 50. Kh2 Qd2+ 51. Qxd2 Rxd2+ 52. Ng2 Ra2 $16) 44. Re1 $1 $18 {
Now Black cannot avoid a massive loss of material.} (44. Nxg6+ Kf7 45. Ne5+ Kf6
46. Ng4+ Kg7 47. Rxf5 Qe4 48. Rf4 $18) 44... Qd5 (44... Kf6 45. Qb6+ Ne6 46.
Nd7+ $18) 45. Qb6 $1 {Not the only, but the most effective way.} Rd6 46. Qc7+
Kf8 ({Or} 46... Ke8 47. Ng4+ Ne6 48. Nf6+ Kf8 49. Nxd5 Nxc7 50. Nxc7 $18) 47.
Nxg6+ $1 {A nice final touch.} Rxg6 48. Qe7+ Kg8 49. Qe8+ ({Black resigns in
view of} 49. Qe8+ Kh7 50. Re7+ Rg7 51. Qh5+ Kg8 52. Re8#) 1-0

[Event "Dortmund 44th"]
[Site "Dortmund"]
[Date "2016.07.13"]
[Round "4"]
[White "Vachier Lagrave, Maxime"]
[Black "Buhmann, Rainer"]
[Result "1-0"]
[WhiteElo "2798"]
[BlackElo "2653"]
[Annotator "Roiz,M"]
[PlyCount "69"]
[EventDate "2016.07.09"]
[EventType "tourn"]
[EventRounds "7"]
[EventCountry "GER"]
[EventCategory "20"]
[SourceTitle "CBM 174"]
[Source "ChessBase"]
[SourceDate "2016.09.13"]
[SourceVersion "1"]
[SourceVersionDate "2016.09.13"]
[SourceQuality "1"]

1. e4 e5 2. Nf3 Nc6 3. Bb5 a6 4. Ba4 Nf6 5. O-O Be7 6. Re1 b5 7. Bb3 d6 8. c3
O-O 9. h3 Nb8 10. d4 Nbd7 11. Nbd2 Bb7 12. Bc2 Re8 13. Nf1 Bf8 14. Bg5 {
This approach was explored and successfully employed by Great Vugar Gashimov.}
(14. Ng3 {is much more popular.}) 14... h6 15. Bh4 g6 16. a4 {Maxime comes up
with a natural novelty.} (16. N1h2 {is what was seen in Vugar's games} {
For instance, in the following game GM David Navara was outplayed after} Bg7
17. dxe5 dxe5 18. Ng4 g5 19. Bg3 Nxg4 20. hxg4 Qe7 21. a4 c5 22. Nd2 Nf6 23.
Nf1 $14 {Gashimov,V (2719)-Navara,D (2731) Reggio Emilia 2011}) 16... Bg7 {
The correct response.} ({Perhaps,} 16... c5 {doesn't offer Black a full
equality:} 17. dxe5 dxe5 18. c4 $1 (18. Ne3 c4 19. Nd5 Bg7 $11) 18... b4 19. a5
{White is better due to control over d5-spot, whereas Black's knights are far
away from from d4.}) 17. d5 {Now, when the immediate c7-c6 break doesn't work,
this advance is getting more effective.} (17. dxe5 dxe5 18. Qe2 c6 19. Ne3 Qc7
{looks very solid for Black.}) 17... Qb8 $1 {A typical way of preparing the
c7-c6 break.} 18. Ne3 (18. b3 c6 19. c4 bxc4 20. bxc4 a5 $132 {feels
comfortable for Black.}) 18... c6 19. dxc6 {Getting rid of Pd5 is a definite
achievement for Rainer, since it was squeezing Black.} Bxc6 20. axb5 axb5 21.
Rxa8 Bxa8 {The pressure on Pe4 yields Black a good counterplay, so White has
nothing special.} 22. Nd2 b4 {This move seems inaccurate - it only helps White
to seize more space and fix the weak Pd6.} ({More to the point was} 22... Nh5
$5 23. f3 Nf4 24. Ndf1 Bf6 25. Bf2 Nb6 $11) 23. c4 Nc5 24. Bxf6 $6 {There was
no reason for exchanging such a powerful bishop.} ({The more natural} 24. f3
Nfd7 25. Nb3 Ne6 26. Qd2 Nd4 27. Ng4 $14 {would offer White a small, but
stable positional advantage.}) 24... Bxf6 25. Nb3 Rc8 {There is nothing wrong
with this move,} ({but} 25... Qb6 26. Nxc5 Qxc5 $11 {, getting more control
over the dark squares looks preferable.}) 26. Nxc5 Rxc5 ({Most probably, after
} 26... dxc5 27. Ba4 Kg7 28. Nd5 Bb7 29. Qd3 Qd6 {White cannot make further
progress, but Black's position would be rather passive.}) 27. Qd3 Ra5 {The
arising position is typical for Sveshnikov - it's very difficult for both
sides to make any progress.} (27... Bg5 28. Ba4 Ra5 29. b3 Qb6 $11) 28. Bb3 Bg5
29. Rd1 Qb6 ({More accurate seems} 29... Kg7 $1 30. g3 Bd8 {, intending to put
the bishop on b6 - it's another typical idea for Sveshnikov. In this case
White would have to play precisely in order to maintain the ballance.}) 30. c5
$1 {Maxime doesn't miss his chance and changes the unfavourable character of
play.} Qxc5 $6 {Only this move leads to unpleasant consequences.} ({Black
would be OK after} 30... Rxc5 $1 31. Nc4 Qa6 32. Nxd6 (32. Nxe5 Qxd3 33. Nxd3
Ra5 34. f3 d5 35. e5 Be3+ 36. Kf1 Bb7 37. Ke2 d4 $11) 32... Qxd3 33. Rxd3 Kf8
34. Bxf7 Rc1+ 35. Kh2 Rc2 36. Bxg6 Rxf2 $132) 31. Nc4 Ra7 32. Nxd6 {Now the
pressure on Pf7 is very strong.} Kg7 $2 {Mistakes rarely come alone! This is
one is decisive.} ({Instead, the correct} 32... Rd7 33. Qf3 Bf4 34. Nxf7 Rxd1+
35. Qxd1 Kg7 36. Nd8 Qc1 37. Ne6+ Kf6 38. Nc5 Qxd1+ 39. Bxd1 Bc1 $14 {would
offer Black excellent drawish chances due to pair of bishops.}) 33. Qf3 Qc6 ({
The most stubborn was} 33... f5 {, but} 34. Qg3 $1 {yields White a decisive
attack:} Ra6 35. Qd3 Qc6 36. Ne8+ Kh7 37. Nc7 Ra7 38. Nxa8 fxe4 (38... Qxa8 39.
exf5 $18) 39. Bd5 Qxa8 40. Bxe4 Qe8 41. Qd6 Rg7 42. Qxb4 $18) 34. Bxf7 Re7 35.
Ba2 {This king is helpless, so Black resigns.} 1-0

[Event "Dortmund SuperGM 42nd"]
[Site "Dortmund"]
[Date "2014.07.20"]
[Round "7"]
[White "Adams, Michael"]
[Black "Baramidze, David"]
[Result "1-0"]
[WhiteElo "2743"]
[BlackElo "2616"]
[Annotator "Roiz,M"]
[PlyCount "85"]
[EventDate "2014.07.12"]
[EventType "tourn"]
[EventRounds "7"]
[EventCountry "GER"]
[EventCategory "19"]
[SourceTitle "CBM 162"]
[Source "ChessBase"]
[SourceDate "2014.09.17"]
[SourceVersion "1"]
[SourceVersionDate "2014.09.17"]
[SourceQuality "1"]

1. e4 e5 2. Nf3 Nc6 3. Bb5 a6 4. Ba4 Nf6 5. O-O Be7 6. Re1 b5 7. Bb3 d6 8. c3
O-O 9. h3 Nb8 10. d4 Nbd7 11. Nbd2 Bb7 12. Bc2 Re8 13. Nf1 Bf8 14. Ng3 g6 15.
a4 (15. b3 {is a common alternative here.}) 15... c5 {A classical response.
Black doesn't mind getting a closed type of position.} ({Another solid line
starts with} 15... Bg7 16. Bd3 c6) 16. d5 c4 17. Bg5 h6 18. Be3 Nc5 {By far
the most popular continuation.} ({However,} 18... Qc7 {also deserves serious
attention. In the following recent game Black has succesfully solved the
opening problems:} 19. Qd2 h5 20. Ra3 Nc5 21. Rea1 Bg7 22. Qc1 Nfd7 23. axb5
axb5 24. Rxa8 Rxa8 25. Rxa8+ Bxa8 26. Qa1 Bb7 $11 {1/2-1/2 Kokarev,D (2611)
-Khismatullin,D (2656)/St Petersburg RUS 2013 (47)}) 19. Qd2 h5 20. Bxc5 {
A modern approach to a well known tabiya in the Breyer. White is ready to give
up an important bishop in order to obtain a strong passed pawn.} dxc5 21. Reb1
{This move is nominally new in this particular position, but the real novelty
is coming later. Obviously, White is trying to put pressure along the b-file
and also freeing a way for the Ng3, which is usually a bad piece.} (21. Bd1 Rb8
(21... Kh7 $5 22. Ng5+ Kg8) 22. Qe3 Kh7 23. Nf1 Qc7 24. Ng5+ Kg8 25. Be2 Bc8
26. Ra2 $14 {0-1 Grischuk,A (2748)-Kamsky,G (2720)/Nalchik 2009/CBM 130/[Marin,
M] (101)}) 21... Nd7 (21... Qc7 22. b3 (22. Nf1 $5) 22... cxb3 23. Bxb3 b4 24.
a5 Rac8 25. Rc1 $14) 22. b3 $146 {This is a logical continuation of White's
previous play.} ({In the preceding game Black could be satisfied with the
outcome:} 22. Nf1 Nb6 23. Qe3 (23. Ne3 Qc7 $132) 23... Nc8 24. g4 hxg4 25. hxg4
Nd6 26. Ng3 Qf6 $132 {1-0 Van Kampen,R (2603)-Amin,B (2657)/Reykjavik ISL 2014
(49)}) 22... Nb6 $1 {A correct decision - The knight is not placed well, but
it doing an important job.} (22... cxb3 23. Rxb3 b4 24. a5 Qf6 25. Nf1 $14 c4
$140 26. Rxb4 Bxb4 27. cxb4 $16) 23. Qe2 {Michael leaves a nice spot for one
of his knights.} cxb3 ({Releasing the pressure would lead to a difficult
position:} 23... b4 $2 24. a5 cxb3 25. Bxb3 Nd7 26. Ba4 $16) 24. Bxb3 (24. Rxb3
Qd7 25. axb5 c4 26. Rbb1 axb5 $11) 24... c4 (24... Qd7 25. c4 bxc4 26. Bxc4 Nc8
27. Nf1 Nd6 28. N1d2 $16) (24... b4 25. a5 Nd7 26. Ba4 $16) 25. Bd1 {Keeping
the 2nd rank available for the queen.} (25. Bc2 Qd7 26. Qd1 Bh6 $11) 25... Bc8
$2 {David was on top till this moment, but this is a bad mistake.} ({A
concrete approach was required:} 25... h4 26. Nf1 Bxd5 $1 27. exd5 (27. a5 Bxe4
28. Qxe4 Nd5 29. Rc1 Nf4 $44) 27... e4 28. axb5 (28. Nd4 Nxd5 29. Qe1 Bg7 $36)
28... exf3 29. Qxf3 a5 $44) 26. axb5 a5 {It looks like Black may have hopes of
getting adequate compensation for a pawn, but there is no time for
consolidating, since the second pawn is in danger.} 27. Nd2 (27. Nf1 Bd7 28.
Ne3 Qc7 29. Nd2 Rec8 {would just transpose to the text.}) 27... Qc7 28. Ngf1
Bd7 29. Ne3 Rec8 30. Qf3 $1 $16 {Michael finds a nice way to regroup the
pieces and pose new problems. Almost all Black's pieces are located on the
q-side, so the Kg8 is not really safe.} a4 $2 {A critical loss of time. The
Pa4 can be easily stopped, while White wins a second pawn.} (30... Qc5 31. Ra2
a4 (31... Bh6 32. Be2 Bxe3 33. fxe3 $16) 32. Be2 Bxb5 33. Rab2 Ra5 34. Rb4 $16)
31. Be2 Ra5 (31... Bh6 {doesn't help:} 32. Ndxc4 Bxe3 33. Nxe3 (33. d6 Qc5 34.
Nxb6 Qxb6 35. Qxe3 Qxe3 36. fxe3 Rxc3 37. b6 $16) 33... Qxc3 34. Qf6 Rab8 35.
g4 $1 $18) 32. Ndxc4 Nxc4 ({The Pb5 was untouchable:} 32... Rxb5 33. d6 Qb7 (
33... Bxd6 34. Rxb5 Bxb5 35. Nxd6 Bxe2 36. Qf6 Rd8 37. Ndf5 gxf5 38. Nxf5 $18)
34. Nxb6 Rxb6 35. Rxb6 Qxb6 36. Bc4 $18) 33. Bxc4 $18 {Now White is 2 pawns up
and in firm control.} Be8 34. b6 Qd6 {Definitely not the best job for the
queen, but what else is there?} (34... Qd8 35. d6 Bxd6 36. b7 Rb8 37. Bd5 Bc7
38. Nc4 Ra6 39. Qd3 $18) 35. Bd3 {Freeing a square for the knight.} Rac5 36.
Bc2 {Liquadating the last threat.} Rxc3 (36... Rb5 37. Rxb5 Bxb5 38. Bxa4 Qxb6
39. Rb1 $18) 37. Bxa4 Bxa4 38. b7 {Michael prefers to keep the passed pawn.} ({
Another possibility was} 38. Rxa4 Rc1+ 39. Rxc1 Rxc1+ 40. Kh2 Qxb6 41. Ra8 Kg7
42. Qg3 $18) 38... Rb8 39. Rxa4 Qc7 (39... Qd7 40. Ra7 Rc7 41. g4 h4 (41...
hxg4 42. Nxg4 $18) 42. d6 Rcxb7 43. Raxb7 Rxb7 44. Rxb7 Qxb7 45. Qf6 Qb1+ 46.
Kh2 $18) 40. Ra7 Kg7 41. Kh2 {A nice prophylactic move. Black is completely
helpless now.} Be7 (41... Bc5 42. Nf5+ gxf5 43. Qxc3 $18) 42. Ra8 Rxb7 43. Nf5+
{The final touch.} (43. Nf5+ gxf5 44. Qxh5 Rxb1 45. Qh8+ Kg6 46. Rg8#) 1-0